Visualizzazione normale
Vista MARC
- Jee-Woong Bark
di Personal Name
Records bibliografici associati: 1
001 - CONTROL NUMBER
- control field: 42956
003 - CONTROL NUMBER IDENTIFIER
- control field: IT-RoPau
005 - DATE AND TIME OF LATEST TRANSACTION
- control field: 20151127094430.0
008 - FIXED-LENGTH DATA ELEMENTS
- fixed length control field: 151127|| aca||aabn | a|a d
040 ## - CATALOGING SOURCE
- Original cataloging agency: IT-RoPau
- Transcribing agency: IT-RoPau
100 ## - HEADING--PERSONAL NAME
- Personal name: Jee-Woong Bark
- Relator term: (musica)
- Miscellaneous information: Codice Musica SPICS: 58306
670 ## - SOURCE DATA FOUND
- Source citation: Work cat.: (IT-RoPau)105714: Ki-Duk Kim Codice regista SPICS: 58305 42953, PRIMAVERA, ESTATE, AUTUNNO, INVERNO... E ANCORA PRIMAVERA PRIMAVERA, ESTATE, AUTUNNO, INVERNO... E ANCORA PRIMAVERA (Rif. Codice opera principale : H5932)